Ankara üniversitesi eğitim bilimler fakültesi tanıtım kitabı 2004-2005 eğitim öğretim yılı (Record no. 4535)

000 -LEADER
fixed length control field 00925nmm a2200253 a 4500
001 - CONTROL NUMBER
control field ocm000702676
003 - CONTROL NUMBER IDENTIFIER
control field TR-IsHL
005 - DATE AND TIME OF LATEST TRANSACTION
control field 20201028131401.0
008 - FIXED-LENGTH DATA ELEMENTS--GENERAL INFORMATION
fixed length control field 131028s2005 tu tur
007 - PHYSICAL DESCRIPTION FIXED FIELD--GENERAL INFORMATION
fixed length control field cr cn
035 ## - SYSTEM CONTROL NUMBER
System control number 702676
-- (N$T)
050 04 - LIBRARY OF CONGRESS CALL NUMBER
Classification number LF5170
Item number .D56 2005
090 04 - LOCALLY ASSIGNED LC-TYPE CALL NUMBER (OCLC); LOCAL CALL NUMBER (RLIN)
Classification number (OCLC) (R) ; Classification number, CALL (RLIN) (NR) LF5170
Local cutter number (OCLC) ; Book number/undivided call number, CALL (RLIN) .D56 2005
100 1# - MAIN ENTRY--PERSONAL NAME
Personal name Dinçer, F. Çağlayan
245 10 - TITLE STATEMENT
Title Ankara üniversitesi eğitim bilimler fakültesi tanıtım kitabı 2004-2005 eğitim öğretim yılı
Medium [electronic resource] /
Statement of responsibility, etc. F. Çağlayan Dinçer
260 ## - PUBLICATION, DISTRIBUTION, ETC.
Place of publication, distribution, etc. Ankara :
Name of publisher, distributor, etc. Ankara Üniversitesi,
Date of publication, distribution, etc. 2005
300 ## - PHYSICAL DESCRIPTION
Extent 840 p.
650 #4 - SUBJECT ADDED ENTRY--TOPICAL TERM
Topical term or geographic name entry element Eğitim
650 #4 - SUBJECT ADDED ENTRY--TOPICAL TERM
Topical term or geographic name entry element Education
650 #0 - SUBJECT ADDED ENTRY--TOPICAL TERM
Topical term or geographic name entry element Üniversiteler ve kolejler
General subdivision Türkiye
-- Ankara
650 #0 - SUBJECT ADDED ENTRY--TOPICAL TERM
Topical term or geographic name entry element Universities and colleges
General subdivision Turkey
-- Ankara
650 #7 - SUBJECT ADDED ENTRY--TOPICAL TERM
Topical term or geographic name entry element STUDY AIDS / High School Entrance
Source of heading or term bisacsh
856 40 - ELECTRONIC LOCATION AND ACCESS
Uniform Resource Identifier <a href="http://search.ebscohost.com/login.aspx?direct=true&scope=site&db=e011xww&AN=702676">http://search.ebscohost.com/login.aspx?direct=true&scope=site&db=e011xww&AN=702676</a>
Holdings
Withdrawn status Lost status Source of classification or shelving scheme Damaged status Not for loan Collection code Permanent Location Current Location Date acquired Total Checkouts Full call number Barcode Date last seen Price effective from Koha item type
        Online   Kıbrıs Amerikan Üniversitesi Kütüphanesi / American University of Cyprus Kıbrıs Amerikan Üniversitesi Kütüphanesi / American University of Cyprus 28.10.2020   LF5170 .D56 2005 702676 28.10.2020 28.10.2020 E-Kitap
Devinim Yazılım Eğitim Danışmanlık tarafından Koha'nın orjinal sürümü uyarlanarak geliştirilip kurulmuştur.